000 00270nam a22001217a 4500
020 _a0-220-66361-0
082 _a658.4 MAU'L
100 _aMAUDE, BANG
_976320
245 _aLEADERSHIP IN MANAGEMENT
260 _aEUROPE
_bBUSINESS
_c1978
300 _a240P
942 _cBK
999 _c581714
_d581714